Polytropes (Record no. 16018)

MARC details
000 -LEADER
fixed length control field 00592nam a2200181Ia 4500
003 - CONTROL NUMBER IDENTIFIER
control field IN-BaIIA
008 - FIXED-LENGTH DATA ELEMENTS--GENERAL INFORMATION
fixed length control field 211028s9999 xx 000 0 eng d
020 ## - INTERNATIONAL STANDARD BOOK NUMBER
International Standard Book Number 978-1-4020-2350-7
040 ## - CATALOGING SOURCE
Transcribing agency IIA Library
080 ## - UNIVERSAL DECIMAL CLASSIFICATION NUMBER
Universal Decimal Classification number 52(082.1)
Item number ASS-306
100 ## - MAIN ENTRY--PERSONAL NAME
Personal name Horedt, G. P.
9 (RLIN) 29616
245 #0 - TITLE STATEMENT
Title Polytropes
Remainder of title applications in astrophysics and related fields
Statement of responsibility, etc. G. P. Horedt
260 ## - PUBLICATION, DISTRIBUTION, ETC.
Place of publication, distribution, etc. Dordrecht
Name of publisher, distributor, etc. Kluwer Academic
Date of publication, distribution, etc. 2004
300 ## - PHYSICAL DESCRIPTION
Extent viii, 718p.
490 ## - SERIES STATEMENT
Series statement Astrophysics and space science library; v. 306
650 ## - SUBJECT ADDED ENTRY--TOPICAL TERM
Topical term or geographic name entry element Polytropes
9 (RLIN) 29617
942 ## - ADDED ENTRY ELEMENTS (KOHA)
Koha item type Books
Holdings
Withdrawn status Lost status Damaged status Not for loan Home library Current library Shelving location Date acquired Source of acquisition Cost, normal purchase price Total Checkouts Full call number Barcode Date last seen Cost, replacement price Price effective from Koha item type Purchase Price
        IIA Library-Bangalore IIA Library-Bangalore General Stacks 25/11/2005 EDS 7506.00   52(082.1)/ ASS-306 16940 05/11/2021 7506.00 25/11/2005 Books Rs. 7506.00

Powered by Koha